000 02657cam a22003495a 4500
001 L139971
008 070823s2007 xxk f u 001 0 eng d
020 _a9780922154944
035 _a(Sirsi) u139971
041 0 _aeng
050 0 4 _a333.332091 $2 18
110 2 _aInternational Valuation Standards Committee
_93611
245 0 0 _aInternational valuation standards 2007
250 _a8th ed.
260 _aLondon
_bIVSC
_c2007
300 _axviii, 462p.
_c21cm.
350 _a40
490 0 _aInternational Valuation Standards
_v2007
490 0 _aInternational Valuation Applications
490 0 _aISVC Guidance Notes
505 2 _aIntroduction -- Concepts fundamental to generally accepted valuation principles -- Code of conduct -- Property types -- Glossary
505 2 _aInternational Valuation Standards: IVS 1 market value basis of valuation -- IVS 2 bases other than market value -- IVS 3 valuation reporting
505 2 _aInternational Valuation Applications: IVA 1 valuation for financial reporting; addendum A: further guidance on lease accounting -- IVA 2 valuation for secured lending purposes -- IVA 3 valuation of public sector assets for financial reporting
505 2 _aGuidance Notes: GN 1 real property valuation -- GN 2 valuation of lease interests -- GN 3 valuation of plant and equipment -- GN 4 valuation of intangible assets -- GN 5 valuation of personal property -- GN 6 business valuation -- GN 7 consideration of hazardous and toxic substances in valuation -- GN 8 the Cost Approach for Financial Reporting (DRC); addendum A: profitability test when reporting DRC -- GN 9 Discounted Cash Flow (DCF) analysis for market valuations and investment analysis -- GN 10 valuation of agricultural premises -- GN 11 reviewing valuations -- GN 12 valuation of trade related property -- GN 13 mass appraisal for property taxation -- GN 14 valuation of properties in the extractive industries -- GN 15 valuation of historic property
520 _aProvides a clear set of internationally recognised and accepted valuation standards. Key changes to the eighth edition include a new Application ("Valuation of public sector assets for financial reporting") and a new Guidance Note ("Valuation of historic property"). IVS 2 ("Bases other than market value") and IVA 2 ("Valuation for secured lending purposes") have also been significantly revised.
520 _aSupersedes seventh edition (ISBN 092215483X).
520 _aGN 4 on the Valuation of Intangible Assets revised in 2010 - see E149543.
590 _aKA
651 4 _aInternational
690 _aPROPERTY-PROPERTY APPRAISAL AND VALUATION
942 _n0
999 _c107392
_d107392